Vasilevoj, M. A.: Pracovná výchova detí predškolského veku

Bibliographic Details
Main Author: Pdhájecká, Mária (Author)
Format: Article
Language:Slovak
Subjects:

MARC

LEADER 00000nab a2200000 a 4500
001 vtls000219875
003 SK-MaSNL
005 20260302213231.0
008 140912c19841985xo 0 slo
015 |a SNBRB19rr/mm-uuuuu 
035 |a CL0229989 
040 |a SNKBUCL  |b slo  |c SNKBUCL  |e AACR2 
041 0 |a slo 
044 |a xo  |c SK 
080 |a 37.03-053.4  |2 1981 
100 1 |a Pdhájecká, Mária  |4 aut  |9 938898 
245 1 0 |a Vasilevoj, M. A.: Pracovná výchova detí predškolského veku  |c Mária Pdhájecká 
650 0 7 |a deti predškolského veku  |2 snkbucl  |9 4103 
650 0 7 |a pracovná výchova  |2 snkbucl  |9 66811 
650 0 7 |a monografie  |2 snkbucl  |9 256509 
655 7 |a recenzie  |2 snkbucl  |9 21907 
655 7 |a články z novín a časopisov  |2 snkbucl  |9 267496 
773 0 |t Predškolská výchova  |g Roč. 39, č. 9 (1984/1985), s. 30-31 
787 0 8 |i Rec.:  |a Vasilevoj, M. A.  |t Pracovná výchova detí predškolského veku  |d Moskva : Prosveščenije, 1984 
850 |a Slovenská národná knižnica v Martine  |a MTA001 
852 |a SNK  |b KIS3GCP 
958 |a RK 
992 |a RBX 
999 |c 1492762  |d 1494692